[Event "9th Beirut Open 2017"]
[Site "Beirut"]
[Date "2017.10.05"]
[Round "7"]
[White "Volkov, Sergey"]
[Black "Yilmaz, Mustafa"]
[Result "1-0"]
[WhiteElo "2638"]
[BlackElo "2633"]
[Annotator "TA"]
[PlyCount "101"]
[EventDate "2017.??.??"]
[EventCountry "LBN"]
[SourceTitle "playchess.com"]
[Source "ChessBase"]
[SourceQuality "1"]

{[%evp 17,101,0,12,9,18,9,19,0,0,0,0,0,0,0,18,0,0,0,0,-10,-5,-12,0,-5,-7,-7,0,0,5,0,-5,-33,7,6,6,6,12,12,40,29,29,27,28,24,34,21,39,37,64,47,131,23,31,31,79,79,79,79,79,79,79,79,197,155,155,155,155,155,170,160,506,256,757,620,754,754,751,737,984,952,1277,1247,1060,993,1914,1926]} 1. d4 Nf6 2. c4 e6 3. Nc3 d5 4. cxd5 exd5 5. Bg5 c6 6. e3 Be7 7. Qc2 Nbd7 8. Nf3 Nh5 9. h4 {D36: Queen's Gambit Declined: Exchange Variation: Main line (5 Bg5 c6 6 Qc2)} h6 {LiveBook: 3 Games} 10. Bxe7 Qxe7 11. O-O-O {The position is equal.} Ndf6 $146 ({Predecessor:} 11... Nb6 12. Ne5 Nf6 13. Be2 h5 14. Kb1 Be6 15. Ka1 O-O-O 16. Na4 Kb8 17. Nxb6 axb6 {1-0 (67) Volkov,S (2637)-Ladron de Guevara Pinto,P (2414) Linares 2017}) 12. Ne5 Ng4 13. Nxg4 Bxg4 14. Re1 O-O-O 15. Bd3 Kb8 16. Kb1 Bc8 17. a3 g6 18. Na2 Rhe8 19. Nb4 Qd6 20. Ka1 Re7 21. Qa4 Ng7 22. Rc1 Rc7 23. Rc3 Ne6 24. Rhc1 (24. Qb3 $5 {[%cal Rb4a6]}) 24... Bd7 25. Qb3 Ka8 26. Be2 h5 27. g3 Be8 28. Bf3 f6 29. Bg2 Rdd7 30. Bh3 Bf7 31. Qc2 Re7 32. Nd3 Be8 33. b4 {[%cal Bb2b4,Bb4c5][%mdl 32]} (33. Bxe6 $5 Qxe6 34. b4 $14) 33... Kb8 (33... g5 $14) 34. a4 (34. Bxe6 $1 $16 {aiming for Bh3.} Rxe6 35. b5) 34... g5 $11 35. Nc5 g4 36. Bf1 Nxc5 37. bxc5 Qe6 38. a5 a6 39. Bd3 Qg8 (39... Ka8 $16) 40. Rb3 Kc8 {[#]} 41. Rcb1 $1 Kd8 {[#]} 42. R1b2 $1 Qg7 43. Qb1 Qf7 $2 (43... Rf7 $16 {is a better chance.} 44. Bc2 f5) 44. Rb4 Red7 $2 (44... f5 45. Bxf5 Qf6) 45. Rb6 {White is clearly winning.} Re7 46. Bf5 Bd7 47. Bg6 Qg7 48. Rxb7 Rxb7 49. Rxb7 {Qb6+ would kill now.} Bc8 50. Qb6+ Rc7 51. Ra7 {Precision: White = 58%, Black = 50%.} 1-0

[Event "9th Beirut Open 2017"]
[Site "Beirut"]
[Date "2017.10.05"]
[Round "7"]
[White "Adly, Ahmed"]
[Black "Demchenko, Anton"]
[Result "0-1"]
[WhiteElo "2625"]
[BlackElo "2649"]
[Annotator "TA"]
[PlyCount "123"]
[EventDate "2017.??.??"]
[EventCountry "LBN"]
[SourceTitle "playchess.com"]
[Source "ChessBase"]
[SourceQuality "1"]

{[%evp 20,123,25,11,20,0,18,0,0,-1,0,0,0,0,0,-35,0,0,0,0,0,0,0,0,0,0,14,14,31,-52,-46,-161,-171,-171,-170,-178,-110,-114,-102,-112,-106,-101,-104,-105,-104,-133,-128,-118,-122,-118,-90,-284,-269,-360,-360,-343,-318,-469,-469,-437,-422,-415,-409,-566,-553,-624,-609,-564,-544,-1252,-1230,-1322,-1171,-1272,-1243,-1086,-1054,-1691,-1597,-1664,-1210,-1592,-1566,-1363,-1480,-2050,-1939,-1733,-1501,-2181,-1895,-1700,-1872,-1769,-1675,-2034,-1941,-12844,-12845,-12845,-12846,-12846,-12847,-12847,-12847,-12850]} 1. Nf3 Nf6 2. g3 g6 3. d4 Bg7 4. c4 O-O 5. Bg2 d6 6. O-O Nbd7 7. Nc3 e5 8. h3 exd4 9. Nxd4 Re8 10. Qc2 {E67: King's Indian: Fianchetto: 6...Nbd7} Nc5 11. Rd1 {LiveBook: 6 Games} Qe7 12. Bg5 {The position is equal.} c6 (12... Qe5 $5 {[%cal Re5g5]} 13. Bf4 Qe7 $11) 13. Rab1 $146 ({Predecessor:} 13. Qc1 Qf8 14. Bf4 Nh5 15. Be3 f5 16. Nf3 Be6 17. b3 Rad8 {0-1 (35) Burmakin,V (2560)-Loeffler,M (2365) Schwarzach 1998}) 13... a5 14. b3 h6 15. Bf4 Nfe4 16. Nxe4 Nxe4 17. Rd3 Ng5 18. Re3 Qd8 19. Bxg5 hxg5 20. Rxe8+ Qxe8 21. Rd1 a4 22. b4 a3 23. e3 Bd7 24. Nb3 ({White should play} 24. g4 $14) 24... Qe5 $15 25. Qd3 (25. Rd4 $15) 25... Bf5 $1 $19 {[%cal Rf5d3]} 26. e4 Be6 27. Bf1 {[#]} Qb2 (27... b5 $1 $19 {[%cal Rb5c4]} 28. Qxd6 Qxd6 29. Rxd6 Rc8) 28. Rd2 $17 {[#]} Qc3 $1 29. Qxd6 Bf8 $36 {[%cal Bg7f8,Bf8e7,Be7f6][%mdl 2080] Black has strong initiative.} ({Much less strong is} 29... Bxc4 30. Bxc4 Qxc4 31. Qe7 $15) 30. Qd4 Qxb4 31. Rc2 Be7 32. Qc3 Qxc3 33. Rxc3 Ra4 34. Kg2 {[#]} b5 $1 {[%cal Rb5c4][%mdl 512]} 35. cxb5 $2 (35. Rc1 $17 {was the only chance.}) 35... cxb5 $19 36. Nc1 Bf6 ({Not} 36... Rxe4 37. Rc7 $19) 37. Rc2 Rb4 ({But not} 37... Rxe4 38. Bxb5 Rb4 39. Be2 $19) 38. Bd3 (38. Nd3 {is a better defense.} Rb2 39. Rxb2 axb2 40. Nxb2 Bxb2 41. Bxb5) 38... Bb2 39. Kf3 Bxc1 40. Rxc1 {[%mdl 4096] Endgame KRB-KRB} Rb2 41. Ke3 Bxa2 {Black is clearly winning.} 42. f4 gxf4+ 43. gxf4 b4 44. f5 gxf5 45. exf5 f6 46. Rc8+ Kg7 47. Rc7+ Kf8 48. Ra7 Bg8 49. Ra8+ Kg7 50. Ra7+ Kh6 51. Ra6 Kg5 52. h4+ Kxh4 53. Rxf6 a2 54. Rh6+ Kg5 55. Rg6+ Kh5 56. Rg1 b3 {[%cal Bb4b3,Bb3b2][%mdl 32]} 57. Be4 Bf7 58. f6 Rh2 59. Kf4 Rh4+ 60. Kf5 {[#]} Rxe4 $1 {[%mdl 512]} 61. Kxe4 b2 62. Kd4 {Precision: White = 42%, Black = 82%.} 0-1

[Event "9th Beirut Open 2017"]
[Site "Beirut"]
[Date "2017.10.05"]
[Round "7"]
[White "Pruijssers, Roeland"]
[Black "Wafa, Shahenda"]
[Result "1/2-1/2"]
[WhiteElo "2512"]
[BlackElo "2150"]
[Annotator "TA"]
[PlyCount "145"]
[EventDate "2017.??.??"]
[EventCountry "LBN"]
[SourceTitle "playchess.com"]
[Source "ChessBase"]
[SourceQuality "1"]

{[%evp 9,145,16,22,14,22,24,32,40,35,28,39,29,36,36,37,45,49,37,41,37,45,45,44,39,48,48,38,-104,-130,-157,-157,-157,-154,-160,-158,-157,-159,-148,-162,-171,-118,-118,-117,-116,-64,-64,-64,-107,-97,-127,-96,-109,-55,-162,-162,-162,-163,-158,-158,-157,-160,-145,-147,-219,-220,-200,-97,-91,-32,-23,-29,-32,-8,-10,0,0,44,0,0,0,0,0,0,0,0,0,0,-3,-4,-18,-17,-24,-16,-14,0,-24,0,-32,-43,-596,-31,-1225,-1152,-1062,-445,-438,-438,-438,-438,-397,-229,-520,-490,-488,-470,-341,-292,-6814,-884,-2072,-1633,-4922,-20,-229,-20,-20,-20,-20,-20,-20,-20,-20,-20,-20,-20,-20,-11,-11]} 1. e4 c5 2. Nf3 d6 3. Bd3 Nc6 (3... g6 4. O-O Bg7 5. Re1 Nc6 6. Bb5 Bd7 7. c3 a6 8. Bxc6 Bxc6 9. d4 cxd4 10. cxd4 Nf6 11. Nc3 {1-0 (29) Zvjaginsev,V (2643)-Sjugirov,S (2650) Sochi 2017}) 4. O-O Nf6 5. h3 e6 6. c3 {B50: Sicilian: 2...d6, Miscellaneous} Be7 7. Re1 O-O 8. Bc2 {White is slightly better.} e5 9. d4 cxd4 10. cxd4 Qb6 {[%cal Re5d4]} 11. d5 Nb4 {[%cal Bc6b4,Bb4a6,Ba6c5][%mdl 32]} 12. Ba4 $146 ({Predecessor:} 12. Bb3 Bd7 13. a3 Na6 14. Nc3 Nc5 15. Bc2 {½-½ (53) Grujic,D (2124)-Tomin,K (1926) Kragujevac 2013}) 12... Na6 13. Nc3 Nc5 14. Bc2 Bd7 15. Rb1 a5 16. Be3 Rfc8 17. a3 Qc7 18. b4 (18. a4 $14 {keeps the upper hand.}) 18... axb4 $17 19. axb4 Ncxe4 $1 20. Nxe4 Qxc2 21. Nxf6+ Bxf6 22. Qxc2 Rxc2 23. Rec1 Rxc1+ 24. Rxc1 Rc8 (24... Bd8 $1 $19 25. Nd2 Kf8) 25. Ra1 Bb5 26. Nd2 Bd3 (26... Ba6 $17 27. Rb1 b5) 27. Ra7 $15 b5 28. f3 h6 29. Rd7 Rd8 30. Rb7 Bh4 (30... Ra8 $17 {Strongly threatening ...Bh4.} 31. Ne4 Ra1+ 32. Kh2 Bxe4 33. fxe4 Re1) 31. Ne4 ({White must play} 31. Bf2 $1 $15 Bg5 32. Ne4) 31... f5 $1 $19 {[%cal Rf5e4]} 32. Bf2 Bxf2+ 33. Nxf2 {[%mdl 4096] Endgame KRB-KRN} Bc4 34. Nd1 Bxd5 35. Rxb5 Bb3 36. Nf2 (36. Ne3 $17 {was called for.}) 36... d5 37. Rc5 Rb8 (37... e4 $1 $19 {is more deadly.} 38. fxe4 dxe4) 38. g4 $17 g6 ({Black should play} 38... e4 $17 39. Rc3 Rxb4 40. gxf5 exf3 41. Rxf3 Rb5) 39. Rc6 $1 $15 Kg7 40. Nd3 $1 e4 41. Ne5 Re8 42. f4 $1 e3 43. Rc7+ Kg8 44. Rc3 e2 45. Kf2 Bd1 46. gxf5 gxf5 47. b5 {Threatens to win with b6.} Rb8 48. Rg3+ Kh8 $1 49. Nf7+ Kh7 50. Nd6 Rb6 51. Nxf5 {Black must now prevent Nd4.} Rxb5 (51... Rf6 $5 52. Ne3 $8 d4 $15) 52. Rg7+ Kh8 {...Rb4 is the strong threat.} 53. Re7 Rb4 54. Kg3 $2 {[%mdl 8192]} (54. Ke1 $15) 54... Rb3+ $2 (54... d4 $19 55. Re8+ Kh7) 55. Kh4 $2 {[%mdl 8192]} (55. Kg2 $15) 55... Rf3 $19 56. Kg4 e1=Q (56... Rf1 $142 57. Kh5 e1=Q+ 58. Kxh6 Qxe7 $1 {[%mdl 512]} 59. Nxe7 d4) 57. Rxe1 Rf1+ $1 58. Rxd1 Rxd1 59. Nxh6 {KR-KN} d4 (59... Kg7 $142 60. Nf5+ Kf6) 60. Kf3 $2 {[#]} (60. Nf7+ {was forced.} Kg7 61. Ne5) 60... Re1 $1 61. Nf7+ Kg7 62. Ne5 {[#]} Kf6 $1 63. h4 $2 (63. Kg4) 63... Kf5 (63... Re3+ $142 64. Kf2 Kf5) 64. h5 Rh1 65. Nc6 d3 $2 (65... Rh3+ $19 66. Ke2 Ke4) 66. Nd4+ $11 Kf6 {( -> ...d2)} 67. Ke3 {The position is equal.} Rh3+ 68. Kd2 Ke7 69. Nc6+ Kd6 70. Ne5 Kd5 71. Nxd3 Kd4 72. Nf2 Rxh5 73. Ke2 {Precision: White = 56%, Black = 54%.} 1/2-1/2

[Event "9th Beirut Open 2017"]
[Site "Beirut"]
[Date "2017.10.05"]
[Round "7"]
[White "Ibrahim, Hatim"]
[Black "Kassis, Antoine"]
[Result "1/2-1/2"]
[WhiteElo "2331"]
[BlackElo "2130"]
[Annotator "TA"]
[PlyCount "85"]
[EventDate "2017.??.??"]
[EventCountry "LBN"]
[SourceTitle "playchess.com"]
[Source "ChessBase"]
[SourceQuality "1"]

{[%evp 26,85,74,47,104,104,107,104,121,106,127,119,129,94,98,98,98,98,98,98,98,98,99,107,101,16,12,0,0,-14,-9,-11,-8,-26,-19,-19,25,8,17,23,150,153,294,116,234,73,78,60,60,66,91,8,8,8,36,8,73,16,68,25,29,8]} 1. Nf3 g6 2. c4 Bg7 3. Nc3 d6 4. d4 Nf6 5. e4 O-O 6. h3 e5 7. d5 a5 8. g4 {[%cal Bg2g4,Bg4g5][%mdl 32]} Na6 9. Be3 Nc5 10. Nd2 Bd7 11. Be2 c6 12. g5 {E92: Königsindisch (Klassisches System)} (12. h4 cxd5 13. cxd5 Rc8 14. g5 Nh5 15. Bxc5 Rxc5 16. Bxh5 gxh5 17. Qxh5 b5 18. a4 bxa4 19. Qd1 Qc7 20. Nxa4 {0-1 (45) Grischuk,A (2751)-Naiditsch,A (2686) Novi Sad 2016}) 12... Ne8 13. h4 {[%cal Bh3h4,Bh4h5][%mdl 32]} Nc7 14. Nb3 {LiveBook: 3 Partien. Weiß steht besser.} N7a6 $146 (14... cxd5 $14 15. Nxc5 d4 16. Nxd7 (16. Nxb7 Qb8 $11) 16... Qxd7) ({Vorgänger:} 14... Nxb3 15. Qxb3 cxd5 16. Nxd5 Nxd5 17. cxd5 b5 18. h5 b4 {½-½ (34) Karavade,E (2418)-Gluhovsky,M (2263) Caleta 2017}) 15. Nxc5 $16 Nxc5 16. Qd2 a4 17. h5 Qa5 18. f3 Rfd8 19. Rb1 Rab8 20. Kf2 cxd5 21. Nxd5 Qxd2 22. Bxd2 Bc6 23. hxg6 hxg6 24. Ba5 Bxd5 25. Bxd8 (25. cxd5 $16 b6 26. Bb4) 25... Bxe4 $1 $11 26. Bc7 Rc8 27. fxe4 {[%cal Bf3e4,Be4d5][%mdl 32] zielt auf Lb6 ab.} Rxc7 28. Rh4 Ne6 29. Rg4 Bf8 30. Rbg1 d5 31. exd5 Bc5+ 32. Kf1 Nf4 {[#]} (32... Bxg1 $11 {bleibt in der Remisbreite.} 33. Kxg1 Nf4) 33. Rh1 $1 $16 Be7 {[#]} (33... Kf8 $16 34. Rgh4 b5) 34. Kf2 $2 (34. Rgh4 $1 $18 {[%cal Rh4h8] Droht Matt per Th8+.} Bxg5 35. Rh8+ Kg7 36. d6) 34... b5 (34... Kg7 $16 {ist eine bessere Verteidigung.} 35. b3 axb3) 35. Rd1 $2 ({Jedoch nicht} 35. cxb5 $6 Rc2) (35. Rgh4 $18 {ist der präzise Gewinnweg. Weiss droht Th8+ und Matt.} Bc5+ 36. Kf3) 35... Bd6 36. b3 (36. Rc1 {is interesting.} f6 37. gxf6 Kf7 38. Kf3 e4+ 39. Kf2) 36... axb3 37. axb3 Ra7 38. Rd2 (38. cxb5 $16 {Td2 ist eine echte Drohung.} Ra2 39. Rxf4 exf4 40. Rc1) 38... bxc4 $11 39. Bxc4 {und nun wäre Kf3 stark für Weiss.} Ra1 40. Kf3 {Mit der Idee Th4.} Re1 (40... Kg7 $11 {hält das Gleichgewicht.}) 41. Ra2 (41. Rh4 $16) 41... Bc5 (41... Kg7 $11) 42. Rxf4 (42. Be2 $5) 42... exf4 43. Kxf4 {Precision: Weiß = 33%, Schwarz = 40%.} 1/2-1/2

[Event "9th Beirut Open 2017"]
[Site "Beirut"]
[Date "2017.10.05"]
[Round "7"]
[White "Khairallah, Faisal"]
[Black "Kotanjian, Tigran"]
[Result "1-0"]
[WhiteElo "2274"]
[BlackElo "2475"]
[Annotator "TA"]
[PlyCount "107"]
[EventDate "2017.??.??"]
[EventCountry "LBN"]
[SourceTitle "playchess.com"]
[Source "ChessBase"]
[SourceQuality "1"]

{[%evp 13,107,10,7,-44,-33,-61,-28,-41,-46,-39,-51,-43,-17,-17,-14,-12,-8,-23,-18,-26,-17,-72,-36,-43,-32,-33,-27,-120,-25,-59,-13,-68,-78,-71,-78,-140,-134,-138,-141,-141,-137,-128,-134,-140,-133,-127,-89,-79,-84,-91,-31,-33,-22,-168,324,316,417,416,406,404,389,384,385,347,1354,891,709,695,1615,1481,12838,12839,12838,739,1651,1457,622,0,1416,1254,12837,1072,12840,801,688,670,12836,12837,12838,12837,12843,12843,12844,12758,29997,29998]} 1. g3 Nf6 2. Bg2 d5 3. f4 g6 4. Nf3 Bg7 5. d3 O-O 6. O-O c5 7. Qe1 Nc6 {LiveBook: 125 Games} 8. Qf2 {A03: Bird's Opening with 1...d5} (8. e4 $11) (8. h3 d4 9. Na3 Nd5 10. Nc4 b6 11. Bd2 Bb7 12. c3 e6 13. Rc1 Rc8 14. Qf2 Nde7 15. a4 Ba6 {½-½ (40) Svidler,P (2743)-Jakovenko,D (2745) Kazan 2014}) 8... d4 9. h3 $146 ({Predecessor:} 9. e4 dxe3 10. Qxe3 Qb6 11. c3 Bf5 12. Nh4 Rad8 13. Nxf5 gxf5 14. h3 e6 15. Na3 Qc7 {½-½ (65) Jurkiewicz,K (2169)-Wadsworth,M (2290) Reading 2017}) 9... Rb8 10. a4 {Black has an edge.} Nd5 11. Na3 b6 12. Nc4 Ba6 13. Nfe5 Ncb4 14. e4 dxe3 15. Nxe3 Bb7 16. Rd1 Qc7 $36 {[%mdl 2048] Black has some pressure.} 17. N3g4 (17. c3 $11) 17... h5 (17... f5 $5 {[%cal Rf5g4]} 18. Nh2 Bxe5 19. fxe5 f4 20. gxf4 Nxf4 $1 {[%mdl 512]} 21. Bxf4 Bxg2 22. Qxg2 (22. Kxg2 Nd5 $17) 22... Rxf4 $15) 18. Nh2 Rbd8 19. Nhf3 e6 20. g4 {[#]} (20. c3 $11 {keeps the balance.} Nc6 21. Nc4) 20... hxg4 (20... g5 $1 $17 {[%mdl 512]} 21. Nxg5 Nxf4 $1 {[%mdl 512]} 22. Bxf4 Bxe5) 21. hxg4 $11 Nc6 {[%cal Rc6e5]} (21... Nxf4 $5 22. Bxf4 Bxf3 23. Nxg6 e5 $11) 22. Re1 (22. c3 $11) 22... Nxe5 $15 23. fxe5 Nb4 {...Bxf3 is the strong threat.} 24. Bg5 (24. Qe2 $142) 24... Bxf3 $1 $17 25. Bxd8 Rxd8 26. Bxf3 Bxe5 27. Kg2 Bxb2 28. Rab1 Bd4 29. Qd2 Nd5 30. Bxd5 Rxd5 (30... exd5 31. Qg5 $11) 31. Re4 Qc6 (31... Qb7 $1 $17 32. Rf1 c4 $1 {[%mdl 512]}) 32. Rh1 $15 Rd7 {Hoping for ...f5.} (32... Qxa4 33. Kf3 $17) 33. g5 ({Of course not} 33. Qh6 Bg7 $17) (33. Qf4 $11 Qb7 34. Qf3 (34. Qh6 c4 $17)) 33... Qxa4 $4 {[%mdl 8192]} (33... Rd5 $19 {and all is fine. Strongly threatening ...Rf5.} 34. Rf1 Rf5) 34. c3 $18 Qa5 {[#]} 35. Qf4 $1 {[%cal Rf4b8]} Qa2+ 36. Kg3 {White threatens Qb8+ and mate.} Bf2+ ({And not} 36... Bg7 37. Qb8+ Rd8 38. Qxd8+ Bf8 {[#]} 39. Rh8+ $1 {[%mdl 512]} Kxh8 40. Qxf8+ Kh7 41. Rh4#) 37. Qxf2 Rxd3+ 38. Re3 Rxe3+ $2 (38... Qxf2+ 39. Kxf2 Rd6) 39. Qxe3 {Threatening mate with Qe5.} Qd5 40. Rf1 b5 41. Rf2 Qd6+ 42. Qf4 Qe7 43. Qe5 (43. Rh2 $142 Qd8 44. Rd2) 43... Qd7 44. Qb8+ Kg7 45. Qe5+ (45. Qf4 $142 Qd3+ 46. Kh4) 45... Kg8 $1 46. Qxc5 a5 47. Kf4 (47. Rh2 $142 Qd3+ 48. Kf4 Qf1+ 49. Ke5 Qf5+ 50. Kd6 Qxc5+ 51. Kxc5) 47... Qd3 48. Qe3 (48. Rh2 $142 Qf5+ 49. Qxf5 gxf5 50. Rb2) 48... Qd6+ 49. Kg4 b4 50. Rd2 Qc7 51. cxb4 axb4 52. Qd4 Kh7 53. Qf4 Qa7 54. Qh2+ {Precision: White = 41%, Black = 26%.} 1-0

[Event "9th Beirut Open 2017"]
[Site "Beirut"]
[Date "2017.10.05"]
[Round "7"]
[White "Gevorgyan, Maria"]
[Black "Ghnatios, Ralph"]
[Result "1-0"]
[WhiteElo "2262"]
[BlackElo "1764"]
[Annotator "ChessBase"]
[PlyCount "71"]
[EventDate "2017.??.??"]
[EventCountry "LBN"]
[SourceTitle "playchess.com"]
[Source "ChessBase"]
[SourceQuality "1"]
[TimeControl "5400+30"]

1. e4 {[%emt 0:00:00]} c5 {[%emt 0:00:18]} 2. Nc3 {[%emt 0:00:00]} Nc6 {[%emt 0:00:18]} 3. Bb5 {[%emt 0:00:00]} Nd4 {[%emt 0:00:22]} 4. Bc4 {[%emt 0:00:00]} g6 {[%emt 0:00:35]} 5. Nf3 {[%emt 0:00:00]} Bg7 {[%emt 0:00:11]} 6. Nxd4 {[%emt 0:00:05]} cxd4 {[%emt 0:00:36]} 7. Qf3 {[%emt 0:00:06]} Nh6 {[%emt 0:03:26]} 8. d3 {[%emt 0:01:47]} Qa5 {[%emt 0:00:25]} 9. Bxh6 {[%emt 0:01:31]} Bxh6 {[%emt 0:01:24]} 10. Qxf7+ {[%emt 0:00:04]} Kd8 {[%emt 0:00:09]} 11. Qd5 {[%emt 0:00:02]} Qxd5 {[%emt 0:00:57]} 12. Nxd5 {[%emt 0:00:09]} e6 {[%emt 0:00:52]} 13. Nf6 {[%emt 0:00:05]} Bg7 {[%emt 0:00:30]} 14. e5 {[%emt 0:00:25]} Ke7 {[%emt 0:00:46]} 15. f4 {[%emt 0:06:00]} Bxf6 {[%emt 0:00:24]} 16. exf6+ {[%emt 0:00:02]} Kxf6 {[%emt 0:00:11]} 17. Kd2 {[%emt 0:00:17]} b6 {[%emt 0:03:03]} 18. Rhf1 {[%emt 0:01:29]} h5 {[%emt 0:03:05]} 19. g3 {[%emt 0:01:41]} Bb7 {[%emt 0:00:18]} 20. Rae1 {[%emt 0:00:07]} Rac8 {[%emt 0:01:23]} 21. Rf2 {[%emt 0:02:04]} a5 {[%emt 0:04:11]} 22. Rfe2 {[%emt 0:02:08]} Rc6 {[%emt 0:01:52]} 23. Bb5 {[%emt 0:27:56]} Rd6 {[%emt 0:07:18]} 24. Bxd7 {[%emt 0:03:59]} Rxd7 {[%emt 0:00:41]} 25. Rxe6+ {[%emt 0:00:07]} Kf7 {[%emt 0:00:21]} 26. Rxb6 {[%emt 0:00:05]} Bd5 {[%emt 0:01:32]} 27. a3 {[%emt 0:02:14]} a4 {[%emt 0:13:38]} 28. Rb4 {[%emt 0:05:07]} Rc8 {[%emt 0:00:45]} 29. Rxd4 {[%emt 0:02:07]} Bc6 {[%emt 0:05:54]} 30. Rc4 {[%emt 0:04:59]} Re7 {[%emt 0:02:22]} 31. Rf1 {[%emt 0:09:57]} Kf6 {[%emt 0:02:46]} 32. Rc5 {[%emt 0:10:58]} Re6 {[%emt 0:07:42]} 33. f5 {[%emt 0:01:58]} Ree8 {[%emt 0:04:27]} 34. fxg6+ {[%emt 0:00:36]} Kxg6 {[%emt 0:00:13]} 35. h4 {[%emt 0:01:18]} Kh6 {[%emt 0:07:32]} 36. Rf6+ {[%emt 0:00:09] Rc7} 1-0

[Event "9th Beirut Open 2017"]
[Site "Beirut"]
[Date "2017.10.05"]
[Round "7"]
[White "Mohannad, Farhan"]
[Black "Kiriakov, Petr"]
[Result "1/2-1/2"]
[WhiteElo "2243"]
[BlackElo "2543"]
[Annotator "TA"]
[PlyCount "106"]
[EventDate "2017.??.??"]
[EventCountry "LBN"]
[SourceTitle "playchess.com"]
[Source "ChessBase"]
[SourceQuality "1"]

{[%evp 15,106,81,74,45,30,20,19,22,39,41,35,31,74,25,52,54,41,0,21,-25,-18,-15,-15,-33,-33,-28,-41,-41,-29,-44,-25,-37,-10,-24,-20,-42,-42,-40,-37,-39,-26,-36,0,0,0,-15,-8,-79,-20,-20,-20,-18,-5,-48,-50,-66,-62,-114,-41,-54,-54,-54,-5,-54,-54,-54,-54,-54,-54,-58,-54,-54,-54,-54,-27,-58,-58,-58,-58,-58,-58,-58,-58,-58,-58,-58,-22,-22,-22,-22,-22,-22,-22]} 1. d4 Nf6 2. c4 e5 3. dxe5 Ng4 4. Bf4 g5 5. Bd2 Nxe5 6. Nf3 Bg7 7. Nxe5 {A52: Budapest Gambit} Bxe5 8. Nc3 {[%cal Bb1c3,Bc3d5,Bd5f4][%mdl 32]} d6 {LiveBook: 4 Games} 9. Qc2 $146 {White is better.} ({Predecessor:} 9. g3 Be6 10. Bg2 Nc6 11. Nd5 g4 12. Be3 h5 13. Qd2 f6 14. f4 gxf3 15. exf3 {1-0 (26) Dreev,A (2673)-Zwardon,V (2383) Warsaw 2013}) 9... Nc6 10. e3 Be6 11. Bd3 Bg7 12. O-O g4 13. Nd5 Ne5 14. Bc3 c6 15. Nf4 Qg5 16. Kh1 O-O-O 17. Bxe5 Bxe5 18. Nxe6 fxe6 19. f4 gxf3 $1 20. Rxf3 h5 21. Raf1 Rhg8 22. Qf2 Rg7 23. b4 h4 24. Rf8 a6 25. a4 Rxf8 26. Qxf8+ Kc7 {[%csl Gg7][%cal Rg5g2] [#]} 27. Qf3 Bc3 28. b5 Bd2 $40 {[%mdl 128] Black is up to no good.} 29. bxa6 bxa6 30. Rb1 Bxe3 31. Be4 (31. c5 $1 $11 Qf4 32. Qd1) 31... Qf4 ({Black should play} 31... d5 $17 32. Bd3 Qf4 33. cxd5 Qxf3 34. d6+ Kxd6 35. gxf3 a5) 32. Bxc6 $11 Qxf3 33. Bxf3 {[%mdl 4096] Endgame KRB-KRB} Rg5 34. Rb7+ (34. Re1 $5 {[%cal Re1e3]} Re5 35. g3 $15) 34... Kd8 35. Rb8+ Ke7 36. Rh8 {[#]} (36. Rb7+ $15 Kf6 37. Rb1) 36... Bf2 (36... Ra5 $1 $17 {[%cal Ra5a4]} 37. Rh7+ Kf6 38. Rxh4 Rxa4) 37. Rh5 Rxh5 38. Bxh5 $15 {KB-KB} a5 39. g3 hxg3 40. hxg3 Bxg3 41. Kg2 Be1 42. Kf1 Bh4 43. Ke2 Kd8 44. Bg4 e5 45. Kd3 Kc7 46. Bf3 Kb6 47. Bd5 Kc5 48. Be6 Be1 49. Bf7 Kb4 50. Be8 e4+ 51. Kxe4 {The position is equal.} Kxc4 52. Bc6 Kc5 53. Bd5 Bb4 {Precision: White = 46%, Black = 53%.} 1/2-1/2